Využitie umelej inteligencie pri analyzovaní nezvyčajného správania v bezdrôtových sieťach

Saved in:
Bibliographic Details
Main Author: Hužička, Maroš (Author)
Other Authors: Bencel, Rastislav (Thesis advisor)
Format: Manuscript Book
Language:Slovak
Published: 2025
Subjects:
Online Access:http://is.stuba.sk/zp/portal_zp.pl?podrobnosti=175285
Tags: Add Tag
No Tags, Be the first to tag this record!

MARC

LEADER 00000ntm a22000003a 4500
001 stuzp102898
003 SK-STU
005 20250614211736.1
007 ta
008 150427s2015----xo-----f-mn---000-0-slo-d
040 |a STU  |b slo 
041 0 |a slo 
100 1 |a Hužička, Maroš  |u 070400  |4 aut  |U FIIT Fakulta informatiky a informačných technológií  |T FIIT Ústav počítačového inžinierstva a aplikovanej informatiky  |X 120808  |U I400  |Y 672  |7 120808 
242 0 1 |a Use of Artificial Intelligence in Detecting Unusual Behaviour in Wireless Networks  |y eng 
245 1 0 |a Využitie umelej inteligencie pri analyzovaní nezvyčajného správania v bezdrôtových sieťach 
260 |c 2025 
650 4 |a network security  |2 eng 
650 4 |a AWID  |2 eng 
650 4 |a artificial intelligence  |2 eng 
650 4 |a intrusion detection systems  |2 eng 
650 4 |a Wi-Fi  |2 eng 
650 4 |a machine learning  |2 eng 
650 4 |a AWID  |2 slo 
650 4 |a systémy detekcie narušenia  |2 slo 
650 4 |a Wi-Fi  |2 slo 
650 4 |a strojové učenie  |2 slo 
650 4 |a sieťová bezpečnosť  |2 slo 
650 4 |a umelá inteligencia  |2 slo 
700 1 |a Bencel, Rastislav  |u 070400  |k Z1  |4 ths  |U FIIT Fakulta informatiky a informačných technológií  |T FIIT Ústav počítačového inžinierstva a aplikovanej informatiky  |X 64492  |U I400  |Y 672  |7 64492 
856 4 |u http://is.stuba.sk/zp/portal_zp.pl?podrobnosti=175285